Me divierto con la Biblia / (Record no. 24681)
[ view plain ]
| 000 -LEADER | |
|---|---|
| fixed length control field | 00597 a2200217 4500 |
| 001 - CONTROL NUMBER | |
| control field | sjds |
| 003 - CONTROL NUMBER IDENTIFIER | |
| control field | sjds |
| 005 - DATE AND TIME OF LATEST TRANSACTION | |
| control field | 20240207112946.0 |
| 008 - FIXED-LENGTH DATA ELEMENTS--GENERAL INFORMATION | |
| fixed length control field | 240207b |||||||| |||| 00| 0 spa d |
| 020 ## - INTERNATIONAL STANDARD BOOK NUMBER | |
| International Standard Book Number | 9781472351494 |
| 020 ## - INTERNATIONAL STANDARD BOOK NUMBER | |
| International Standard Book Number | 1472351495 |
| 040 ## - CATALOGING SOURCE | |
| Transcribing agency | sjds |
| 041 ## - LANGUAGE CODE | |
| Language code of text/sound track or separate title | spa |
| 100 ## - MAIN ENTRY--PERSONAL NAME | |
| Personal name | Randall, Ronne |
| 245 ## - TITLE STATEMENT | |
| Title | Me divierto con la Biblia / |
| Statement of responsibility, etc. | [Randall Ronne] |
| 246 ## - VARYING FORM OF TITLE | |
| Title proper/short title | Mas De 150 Me Divierto Con La Biblia |
| 260 ## - PUBLICATION, DISTRIBUTION, ETC. (IMPRINT) | |
| Name of publisher, distributor, etc. | Parragon Books, |
| Date of publication, distribution, etc. | 2014 |
| 300 ## - PHYSICAL DESCRIPTION | |
| Extent | 192 pgs |
| 500 ## - GENERAL NOTE | |
| General note | Alternate title: Mas De 150 Me Divierto Con La Biblia<br/>Cataloging info from websites |
| 942 ## - ADDED ENTRY ELEMENTS (KOHA) | |
| Koha item type | Libro/Book |
| Withdrawn status | Lost status | Damaged status | Not for loan | Home library | Current library | Date acquired | Inventory number | Total Checkouts | Full call number | Barcode | Date last seen | Date checked out | Price effective from | Koha item type | Checked out |
|---|---|---|---|---|---|---|---|---|---|---|---|---|---|---|---|
| Barbudos -- Satellite | Barbudos | 16/08/2020 | Checked out from 2024 - Nov 2025 | 1 | JR | 35801951 | 23/04/2024 | 23/04/2024 | 16/08/2020 | Libro/Book | 28/05/2024 | ||||
| Capulin -- Satellite | Capulin -- Satellite | 10/08/2020 | Inventory date: 7/7/25 | 1 | JR | 35101951 | 02/09/2024 | 02/09/2024 | 10/08/2020 | Libro/Book | |||||
| Carrizal -- Satellite | Carrizal -- Satellite | 12/07/2020 | inventory date: 14-1-25 | 2 | JR | 3700386 | 13/11/2024 | 22/08/2024 | 12/07/2020 | Libro/Book | |||||
| Las Brisas 1 -- Satellite | Las Brisas 1 -- Satellite | 24/07/2020 | 1 | JR | 40002200 | 14/03/2024 | 14/03/2024 | 24/07/2020 | Libro/Book | 18/04/2024 | |||||
| Las Brisas 2 -- Satellite | Las Brisas 2 -- Satellite | 22/07/2020 | JR | 40102222 | 22/07/2020 | 22/07/2020 | Libro/Book | ||||||||
| Monte Cristo -- Satellite | Monte Cristo -- Satellite | 23/08/2020 | JR | 40202164 | 23/08/2020 | 23/08/2020 | Libro/Book | ||||||||
| Genizero -- Satellite | San Juan Del Sur -- Biblioteca | 14/08/2020 | Checked out from 2023 - Jan 2025 | 2 | JR | 35601951 | 28/06/2023 | 28/06/2023 | 14/08/2020 | Libro/Book | 02/08/2023 | ||||
| Zaragoza -- Satellite | Zaragoza -- Satellite | 29/07/2020 | 1 | JR | 35501951 | 23/11/2022 | 07/10/2021 | 29/07/2020 | Libro/Book |